| 000 | 00543nam a2200205Ia 4500 | ||
|---|---|---|---|
| 008 | 170918s9999 xx 000 0 und d | ||
| 020 | _a9780545444453 | ||
| 050 | _bO185 2010 | ||
| 100 | _aO'Connor, Jane | ||
| 245 | _aFancy Nancy : and the delectable cupcakes / | ||
| 245 | _cJane O'Connor ; Robin Preiss Glasser. | ||
| 260 | _aNew York : | ||
| 260 | _bScholastic, | ||
| 260 | _c2010 | ||
| 300 | _aunpaged : | ||
| 300 | _bcolored illustration ; | ||
| 300 | _c23cm. | ||
| 440 | _aI can read! Beginning reading 1. | ||
| 500 | _a350 | ||
| 999 |
_c341313 _d341313 |
||